| 000 | 00586nam a22001577a 4500 | ||
|---|---|---|---|
| 003 | OSt | ||
| 005 | 20151002110556.0 | ||
| 008 | 151002b xxu||||| |||| 00| 0 eng d | ||
| 040 | _cRUA | ||
| 082 | _aAVM ទឹម 1989 B065 Or.1 | ||
| 100 |
_91739 _aទឹម ភាន |
||
| 245 | _aការប្រើប្រាស់ថ្នាំ រ៉ូមេតា សំរាប់សណ្តំធ្វើអោយស្ពឹក និង ផ្អាកចលនាផ្សេងៗនៃគោ | ||
| 260 |
_aPhnom Penh _bRUA _c1989 |
||
| 300 |
_a76p. _bill. _c29cm. |
||
| 942 |
_2ddc _cAVM |
||
| 999 |
_c1641 _d1641 |
||